00843nam a2200169 a 4500008004100000050001500041110005700056245012700113260007400240300002000314350000900334500006100343650002800404995010000432999001700532952012400549100531s1992 ||||||||||||||||| || u aUN-ECA(02) aUnited Nations Economic Commission For Africa(UNECA)10aStudy on the interconnection of railway networks in West Africacby United Nations Economic Commission for Africa [UN-ECA] aNew York:bUNITED NATIONS ECONOMIC COMMISSION FOR AFRICA(UNECA)c1992 aii, 261p.: ill. a0.00 aBibliography; Includes Map of Railways within the ECOWAS aRAILROADS--AFRICA, WEST D0.00FCBU-MAIN LIBRARY (Kitwe)H1I0.00M1UAVAILABLEWFeb 16, 2012ZInternational Publications c58986d58986 00102lcc4070a001b001cInternational Publicationsd2022-11-30l0oUN-ECA(02)p03008569r2022-11-30w2022-11-30y002